LEADER 03391oam 2200805I 450 001 9910783636503321 005 20230501184202.0 010 $a1-134-74371-8 010 $a1-134-74372-6 010 $a1-280-10998-X 010 $a0-585-45300-4 010 $a0-203-44256-3 024 7 $a10.4324/9780203442562 035 $a(CKB)1000000000247630 035 $a(EBL)178625 035 $a(OCoLC)560422336 035 $a(SSID)ssj0000100275 035 $a(PQKBManifestationID)11108484 035 $a(PQKBTitleCode)TC0000100275 035 $a(PQKBWorkID)10044795 035 $a(PQKB)10599921 035 $a(SSID)ssj0000276733 035 $a(PQKBManifestationID)11192639 035 $a(PQKBTitleCode)TC0000276733 035 $a(PQKBWorkID)10226497 035 $a(PQKB)10929389 035 $a(Au-PeEL)EBL178625 035 $a(CaPaEBR)ebr10096590 035 $a(CaONFJC)MIL10998 035 $a(MiAaPQ)EBC178625 035 $a(PPN)198451849 035 $a(EXLCZ)991000000000247630 100 $a20180331d1997 uy 0 101 0 $aeng 135 $aur|n|---||||| 181 $ctxt$2rdacontent 182 $cc$2rdamedia 183 $acr$2rdacarrier 200 10$aAgency, structure, and international politics $efrom ontology to empirical inquiry /$fGil Friedman, Harvey Starr 210 1$aLondon ;$aNew York :$cRoutledge,$d1997. 215 $a1 online resource (181 pages) $cillustrations 225 1 $aRoutledge advances in international relations and politics ;$v2 300 $aDescription based upon print version of record. 311 0 $a0-415-75704-5 311 0 $a0-415-15259-3 320 $aIncludes bibliographical references (p. 157-166) and index. 327 $aBook Cover; Title; Contents; List of illustrations; Preface; INTRODUCTION: AGENCY, STRUCTURE, AND INTERNATIONAL RELATIONS EXPLANATION; THE ONTOLOGICAL AGENT-STRUCTURE PROBLEM; A CRITIQUE OF NEOREALISM AND ITS CRITICS; THE EPISTEMOLOGICAL AGENT-STRUCTURE PROBLEM; SOME THEORETICAL IMPLICATIONS OF A METHODOLOGICAL INDIVIDUALIST APPROACH TO INTERNATIONAL POLITICS; TOWARD A THEORY OF INTERNATIONAL POLITICS VALUES; CHANGE AND TRANSFORMATION OF VALUES UNDERLYING INTERNATIONAL POLITICS; CONCLUSION; Notes; References; Index 330 $aThis book is the first in depth study of the concepts of agency and structure in the context of international relations and politics. It is an important contribution to the study of international relations and politics. 410 0$aRoutledge advances in international relations and politics ;$v2. 517 3 $aAgency, structure, & international politics 606 $aInternational relations$xPhilosophy 606 $aInternational relations$xMethodology 606 $aInternational relations$xSocial aspects 606 $aAgent (Philosophy) 606 $aStructuralism 615 0$aInternational relations$xPhilosophy. 615 0$aInternational relations$xMethodology. 615 0$aInternational relations$xSocial aspects. 615 0$aAgent (Philosophy) 615 0$aStructuralism. 676 $a327.1/01 700 $aFriedman$b Gil$f1966,$01489855 701 $aStarr$b Harvey$0126310 801 0$bMiAaPQ 801 1$bMiAaPQ 801 2$bMiAaPQ 906 $aBOOK 912 $a9910783636503321 996 $aAgency, structure, and international politics$93710734 997 $aUNINA LEADER 02205nam 2200433 450 001 9910814945903321 005 20230807211045.0 010 $a2-8323-2149-6 035 $a(CKB)3580000000002220 035 $a(MiAaPQ)EBC6530466 035 $a(Au-PeEL)EBL6530466 035 $a(OCoLC)1244626795 035 $a(EXLCZ)993580000000002220 100 $a20220702d2015 uy 0 101 0 $afre 135 $aurcnu|||||||| 181 $ctxt$2rdacontent 182 $cc$2rdamedia 183 $acr$2rdacarrier 200 10$aComprendre la physique /$fDavid Cassidy, Gerald Holton, James Rutherford ; traduction franc?aise de l'e?dition ame?ricaine par Vincent Faye et Se?bastien Bre?ard 210 1$aLausanne :$cPresses polytechniques et universitaires romandes,$d[2015] 210 4$dİ2015 215 $a1 online resource (835 pages) 311 $a2-88915-083-6 327 $aCouverture -- Pre?face -- Table des matie?res -- Partie 1: Matie?re et mouvement -- Prologue de la premie?re partie -- 1: Entre?e en matie?re: le mouvement -- 2 Mouvement des plane?tes -- 3 Comprendrele mouvement -- 4 The?orie unifie?e de Newton -- 5 Conservation de la matie?re et du mouvement -- 6 Dynamique de la chaleur -- 7 La chaleur: une question de mouvement -- 8 Phe?nome?nes ondulatoires -- 9 Einstein et la the?orie de la relativite? -- Partie 2: Champs et atomes -- Prologue de la deuxie?me partie -- 10 E?lectricite? et magne?tisme -- 11 L'e?re de l'e?lectricite? -- 12 Ondes e?lectromagne?tiques -- 13 Exploration de l'atome -- 14 Mode?le quantique de l'atome -- 15 Me?canique quantique -- 16 E?tat solide -- 17 Exploration du noyau -- 18 Le noyau et les applications de la physique nucle?aire -- Bibliographie -- Cre?dit des illustrations. 606 $aPhysics$vLaboratory manuals 615 0$aPhysics 676 $a530.078 700 $aCassidy$b David C.$f1945-$0539360 702 $aHolton$b Gerald James 702 $aFaye$b Vincent 702 $aBre?ard$b Se?bastien 801 0$bMiAaPQ 801 1$bMiAaPQ 801 2$bMiAaPQ 906 $aBOOK 912 $a9910814945903321 996 $aComprendre la physique$94093584 997 $aUNINA